Las culturas precolombinas de América

Guardat en:
Dades bibliogràfiques
Autor principal: Alcina Franch, José (Autor)
Format: Llibre
Idioma:espanyol
Publicat: Madrid Alianza 2009
Matèries:
Etiquetes: Afegir etiqueta
Sense etiquetes, Sigues el primer a etiquetar aquest registre!

MARC

LEADER 00000cam a2200000 a 4500
001 UCG8961
003 CL-VaPUC
008 120120e20090000SP |||||||||||||||||spa|d
020 |a 9788420649078 
082 0 4 |a 980.01  |b ALC  |2 21 
100 0 |a Alcina Franch, José  |e author  |9 560266 
245 1 4 |a Las culturas precolombinas de América 
300 |a 259 p 
942 |c BK 
945 |d 20120120 00:00:00  |a cmena 
260 |a Madrid  |b Alianza  |c 2009 
650 0 |a Culturas precolombinas  |9 408769 
650 0 |a Historia americana   |9 353864 
650 0 |a Culturas indígenas  |9 266389 
650 0 |a Civilizaciones antiguas  |9 265998 
583 |a last modification  |c 20120120 10:38:00  |k Rodrigo Vera 
999 |c 346547  |d 346545 
952 |0 0  |1 0  |4 0  |6 980_010000000000000_ALC_2009  |7 0  |8 A  |9 447282  |a BIBHIS  |b BIBHIS  |d 2019-11-22  |i 4803728  |l 1  |o 980.01 ALC 2009  |p 4803728  |r 2025-01-20  |s 2022-03-30  |w 2019-11-22  |y BK  |k HIS